TOP 20 rankingu siatkówka mężczyzn - Statystyki

Ogólne statystyki
  • Ten quiz został rozwiązany 702 razy
  • Średni wynik to 16 z 20
Statystyki odpowiedzi
Miejsce Państwo % Poprawnych
1 Polska
100%
7 Francja
97%
6 Brazylia
96%
3 Włochy
96%
5 Stany Zjednoczone
95%
4 Japonia
94%
12 Niemcy
91%
8 Argentyna
85%
9 Kanada
82%
2 Słowenia
82%
13 Holandia
73%
14 Ukraina
69%
15 Iran
67%
10 Serbia
67%
11 Kuba
65%
17 Turcja
64%
16 Belgia
63%
20 Bułgaria
62%
19 Egipt
61%
18 Czechy
57%
Nie znaleziono quizów pasujących do podanych kryteriów
Rozkład punktacji
Procent ludzi z każdym wynikiem
Percentyl według liczby udzielonych odpowiedzi
Twoja historia wyników
Nie rozwiązałeś tego quizu